000 01676nam a2200229Ia 4500
003 Ost
005 20260507075518.0
008 260507s9999||||xx |||||||||||||| ||und||
020 _a4363299579
040 _cfsecg
041 _aara
082 _a382
100 _aالطيطي، خضر مصباح
_eمؤلف
245 0 _a التجارة الالكترونية والأعمال الالكترونية من منظور تقني وتجاري وإداري /
_c خضر مصباح الطيطي
260 _aعمان:
_bدار الحامد للنشر والتوزيع,
_c2008
300 _a434 صفحة؛
_bإيضاحات ؛
_c25 سم
504 _aببليوغرافيا:ص.434
520 _aمقدمة إلى التجارة الالكترونية والأعمال الالكترونية،تقنية التجارة الالكترونية،التسويق عبر الإنترنت،إدارة العلاقة مع الزبائن إلكترونيا،أنظمة الدفع المالي الإلكتروني،الحكومة الإلكترونية،سلسلة الإمداد الالكتروني،المزادات والعطاءات الالكترونية،أمن التجارة الالكترونية،الأدوات المستخدمة في تصميم مواقع التجارة الإلكترونية،تصميم مواقع ناجحة للتجارة الإلكترونية،قضايا أخلاقية وقانونية تتعلق بالتجارة الإلكترونية،القانون الدولي للتجارة الإلكترونية وطرق حمايتها
653 _aالتجارة الالكترونية
653 _aالتجارة الخارجية
942 _cكتاب
999 _c44761
_d44761